GCC ECONOMIC INTEGRATION CHALLENGE AND OPPORTUNITY FOR MALAYSIAN ECONOMY (Record no. 4289)
[ view plain ]
| 000 -LEADER | |
|---|---|
| fixed length control field | 01007nam a22002657a 4500 |
| 001 - CONTROL NUMBER | |
| control field | 06965 |
| 003 - CONTROL NUMBER IDENTIFIER | |
| control field | HDC |
| 007 - PHYSICAL DESCRIPTION FIXED FIELD--GENERAL INFORMATION | |
| fixed length control field | cr bn --- |
| 008 - FIXED-LENGTH DATA ELEMENTS--GENERAL INFORMATION | |
| fixed length control field | 210126p2009 ||||| |||| 00| 0 eng d |
| 040 ## - CATALOGING SOURCE | |
| Original cataloging agency | HDC |
| 100 ## - MAIN ENTRY--PERSONAL NAME | |
| Personal name | Asmak Binti Ab Rahman, |
| Relator term | author |
| 9 (RLIN) | 7443 |
| 245 #0 - TITLE STATEMENT | |
| Title | GCC ECONOMIC INTEGRATION CHALLENGE AND OPPORTUNITY FOR MALAYSIAN ECONOMY |
| Statement of responsibility, etc. | Asmak Binti Ab Rahman and Mohd Fauzi Bin Abu-Hussin |
| 260 ## - PUBLICATION, DISTRIBUTION, ETC. | |
| Place of publication, distribution, etc. | [No place] : |
| Name of publisher, distributor, etc. | The Journal of International Social Research, |
| Date of publication, distribution, etc. | 2009 |
| 336 ## - CONTENT TYPE | |
| Content type term | text |
| Source | rdacontent |
| 337 ## - MEDIA TYPE | |
| Media type term | computer |
| Source | rdamedia |
| 338 ## - CARRIER TYPE | |
| Carrier type term | online resource |
| Source | rdacarrier |
| 650 ## - SUBJECT ADDED ENTRY--TOPICAL TERM | |
| Topical term or geographic name entry element | Economic Integration |
| 9 (RLIN) | 7446 |
| 650 ## - SUBJECT ADDED ENTRY--TOPICAL TERM | |
| Topical term or geographic name entry element | Gulf Cooperation Council, |
| 9 (RLIN) | 7444 |
| 650 ## - SUBJECT ADDED ENTRY--TOPICAL TERM | |
| Topical term or geographic name entry element | Malaysian Economy, |
| 9 (RLIN) | 7445 |
| 700 ## - ADDED ENTRY--PERSONAL NAME | |
| Personal name | Mohd Fauzi Bin Abu-Hussin, |
| Relator term | author |
| 9 (RLIN) | 7447 |
| 856 ## - ELECTRONIC LOCATION AND ACCESS | |
| Public note | Request full-text at [email protected] |
| 942 ## - ADDED ENTRY ELEMENTS (KOHA) | |
| Source of classification or shelving scheme | Library of Congress Classification |
| 942 ## - ADDED ENTRY ELEMENTS (KOHA) | |
| Koha item type | Articles |
| 942 ## - ADDED ENTRY ELEMENTS (KOHA) | |
| Call number prefix | JART 000624 |
| Withdrawn status | Lost status | Source of classification or shelving scheme | Damaged status | Not for loan | Home library | Current library | Shelving location | Date acquired | Total checkouts | Full call number | Date last seen | Price effective from | Koha item type |
|---|---|---|---|---|---|---|---|---|---|---|---|---|---|
| Library of Congress Classification | Halal Development Corporation Library | Halal Development Corporation Library | Open Shelves | 24/05/2023 | JART 000624 | 24/05/2023 | 24/05/2023 | Articles |
